000 00967nam a2200265Ia 4500
003 OSt
005 20220923211104.0
006 a|||||r|||| 00| 0
007 ta
008 220922b |||||||| |||| 00| 0 hin d
020 _a8179170576 (hbk)
_c550
024 _a283,448
037 _b29, 02/02/2015, P. K. Books
_cTextual
040 _aARTS
_cARTS
_bhin
041 _2hin
_ahin
082 _aNW:(P152)0aY, 152P6
100 _aपारख, जवरीमल्ल
_9156272
245 0 _aहिन्दी सिनेमा का समाजशास्त्र
246 _aHindī sinemā kā samājashāstra
260 _aदिल्ली
_b गं्रथ शिल्पी
_c2006
300 _a306पृ.
_ccm.
650 _aल्थ्ल्त् क्ल्ज्ञ
_9156276
942 _hNW:(P152)0aY, 152P6
_cTEXL
_2CC
999 _c295068
_d295068